000 00994nam a22003137a 4500
001 BR7702908
003 BR-BrBNA
005 20230928085304.0
007 ta
008 230509b bl.||||| |||| 00| 0 por d
040 _aBR-BrBNA
_bpor
_cBiblioteca Nacional de Agricultura
041 _a(Por)
072 _aF60
_b0430
_b3575
090 _ 0430 BR7702908
100 1 _aSilva, J.M. de M.
110 1 _aEscola Superior de Agricultura Luiz de Queiroz, Piracicaba, SP (Brasil)
_0Tese (Mestre em Fitotecnia)
245 1 _aEfeitos de metodos de deslintamento na germinacao e no vigor de sementes de algodoeiro (Gossypium hirsutum L.)
260 3 _aPiracicaba, SP (Brasil):
_c1977.
300 _a65 p.
500 _a19 tables; 42 ref.; Summaries (Eng, Por)
650 _aFisiologia vegetal
650 _aAlgodao
650 _aSemente
650 _aDormencia da semente
650 _aGerminacao
650 _aPoder germinativo
909 _a202309
_bLucia
_c55
_dLucia Elande
942 _cBK
999 _c23688
_d23688